| 000 | 00630nam a2200205Ia 4500 | ||
|---|---|---|---|
| 005 | 20260121110136.0 | ||
| 008 | 008 260114s9999 xx 000 0 hin d | ||
| 020 | _a9788132386827 | ||
| 037 | _aEBOOK | ||
| 040 |
_aCRL _bhin _cCRL |
||
| 041 |
_ahin _2hin |
||
| 084 | _qCRL | ||
| 100 |
_aशरण चटर्जी / Sharana Chatterjee _9942569 |
||
| 245 | 0 | _aभाषा-शास्त्र / Bhasha-shastra | |
| 260 |
_bभाषा प्रकाशन / Bhasha Prakashan _c2023 |
||
| 856 | _uhttps://bhashaprakashan.com/product-details/437232 | ||
| 942 | _cEBOOK | ||
| 999 |
_c1534234 _d1534234 |
||